| 000 | 00000nam##2200000za#4500 |
| 001 | 9.696179 |
| 003 | CaOODSP |
| 005 | 20241203113637 |
| 007 | cr ||||||||||| |
| 008 | 150407|2001||||xxc|||||o f|0| 0 eng|d |
| 040 | |aCaOODSP|beng |
| 043 | |an-cn--- |
| 086 | 1 |aEn40-628/2001E-PDF |
| 110 | 1 |aCanada. |bEnvironment Canada. |
| 245 | 10|aCompliance and enforcement policy for the Canadian Environmental Protection Act, 1999 (CEPA, 1999) |h[electronic resource] |
| 260 | |aOttawa - Ontario : |bEnvironment Canada |cMarch 2001. |
| 300 | |a40p. |
| 500 | |aThe catalogue number (En40-628/2001E) and ISBN (0-662-30144-7) for the print edition have been incorrectly copied in this electronic publication. |
| 590 | |a12-21-Supp|b2012-05-18 |
| 690 | 07|aEnvironmental law|2gcpds |
| 690 | 07|aEnvironmental policy|2gcpds |
| 690 | 07|aEnvironmental protection|2gcpds |
| 775 | 08|tPolitique d'observation et d'application de la Loi canadienne sur la protection de l'environnement, 1999 (LCPE, 1999) |w(CaOODSP)9.640317 |
| 776 | 0#|tCompliance and enforcement policy for the Canadian Environmental Protection Act, 1999 (CEPA, 1999) |w(CaOODSP)9.662749 |
| 776 | 0#|tPolitique d'observation et d'application de la Loi canadienne surla protection de l'environnement, 1999 (LCPE, 1999) |w(CaOODSP)9.662750 |
| 856 | 40|ahttp://publications.gc.ca|qPDF|s486 KB|uhttps://publications.gc.ca/collections/Collection/En40-628-2001E.pdf |